Economic sustainability in the construction industry of Pakistan / (Record no. 529883)

000 -LEADER
fixed length control field 00509nam a22001457a 4500
082 ## - DEWEY DECIMAL CLASSIFICATION NUMBER
Classification number 624.1
100 ## - MAIN ENTRY--PERSONAL NAME
Personal name JANJUA, SHAHMIR
245 ## - TITLE STATEMENT
Title Economic sustainability in the construction industry of Pakistan /
Statement of responsibility, etc. SHAHMIR JANJUA
260 ## - PUBLICATION, DISTRIBUTION, ETC.
Place of publication, distribution, etc. Islamabad:
Name of publisher, distributor, etc. NIT - SCEE - NUST,
Date of publication, distribution, etc. 2012.
300 ## - PHYSICAL DESCRIPTION
Extent 80p.
Dimensions 30cm.
942 ## - ADDED ENTRY ELEMENTS (KOHA)
Source of classification or shelving scheme
Koha item type Thesis
650 ## - SUBJECT ADDED ENTRY--TOPICAL TERM
Topical term or geographic name entry element Construction Engineering and Management - MS Thesis.
700 ## - ADDED ENTRY--PERSONAL NAME
Personal name Sup: Dr. Hamza Farooq Gabriel.
650 ## - SUBJECT ADDED ENTRY--TOPICAL TERM
-- 17023
700 ## - ADDED ENTRY--PERSONAL NAME
-- 22897
Holdings
Withdrawn status Lost status Source of classification or shelving scheme Damaged status Not for loan Permanent Location Current Location Shelving location Date acquired Total Checkouts Full call number Barcode Date last seen Price effective from Koha item type
          Central Library (CL) Central Library (CL) Thesis 10/04/2019   624.1 CL-T-3409 10/04/2019 10/04/2019 Thesis
© 2023 Central Library, National University of Sciences and Technology. All Rights Reserved.